000 00263 a2200097 4500
001 55391
100 _a
245 _aFluid mechanics, 6th Ed; with student resources CD-ROM
260 _aBoston
_bMcGraw-Hill Higher Education
_c2008
090 _c34387
_d34387
942 _aNUST-CAE
_cMONOGRAPH
_c27099
999 _c290464
_d290464